Paroles - Trop beau - Lomepal - Statistiques

Statistiques générales
  • Ce quiz a été pris 14 681 fois
  • Le résultat moyen est 232 sur 306
Statistiques - réponses
Paroles % Correct
de
97%
à
96%
a
96%
je
95%
Je
95%
le
95%
Le
95%
ça
94%
et
94%
Et
94%
jamais
94%
la
94%
pour
94%
beau
92%
te
92%
trop
92%
calme,
91%
calme
91%
les
91%
me
91%
cette
90%
en
90%
se
90%
être
89%
on
89%
On
89%
qui
89%
vrai"
89%
"C'était
87%
nuit
87%
aussi
86%
comme
86%
dans
86%
déteste
86%
dit :
86%
regard
86%
cigarettes,
85%
phrase
85%
vu
85%
Ne
84%
que
84%
r'garde
84%
même
83%
nos
82%
Nos
82%
un
82%
enchaîner
81%
J'avais
81%
J'la
81%
larme
81%
moi
81%
moi,
81%
c'est
80%
nous
80%
Nous
80%
pas
80%
tendresse
80%
une
80%
histoire
79%
plus
79%
Tu
79%
tu
79%
deux
78%
finir
78%
hey
78%
j'ai
78%
J'ai
78%
mais
78%
mes
78%
Notre
78%
pu
78%
sur
78%
zéro
78%
corps
77%
fait
77%
mot,
77%
n'aurait
77%
avec
76%
rien
76%
bien
75%
déjà
75%
émotions
75%
Garde
75%
maint'nant,
75%
Maint'nant
75%
sourire,
75%
Tant
75%
grave
74%
longtemps
74%
Nan
74%
pourrait
74%
qu'il
74%
reste
74%
terre
74%
certaines
73%
cigales
73%
deuil
73%
entend
73%
Lucifer,
73%
n'est
73%
propres
73%
seconde
73%
tenir
73%
aucun
72%
l’œil
72%
loin
72%
mourir,
72%
phéromones,
72%
risque
72%
souv'nir
72%
comparé
71%
crâne
71%
n'avouerai
71%
pourraient
71%
toujours
71%
veux
71%
cachée
70%
m'as
70%
est
69%
j'hallucine (hein),
69%
m'effraient
69%
pourtant
69%
lui
68%
disant
67%
distance
67%
qu'on
67%
sais
67%
ans
66%
dix
66%
entraîne
66%
étouffer
66%
guerre
66%
mur
66%
pars
66%
quitte
66%
sans
66%
Ses
66%
silence,
66%
Soit
66%
soit
66%
cri
65%
pendant
65%
voiture,
65%
bois
64%
mort,
64%
coulent
63%
l'amour
63%
larmes
63%
Son
63%
son
63%
trêve,
63%
vers
63%
c'que
62%
fonce
61%
aiguille,
60%
chaos,
60%
chaos
60%
du
60%
refait
60%
longue
59%
tellement
59%
dirait
57%
drogue,
57%
mon
57%
film
55%
janvier ?
55%
Bébé,
54%
traverse
54%
honte,
53%
honte
53%
merde
53%
s'déteste
53%
blesserait
52%
premier
52%
tout
52%
fort
51%
j'oublie
51%
autour
50%
chantier,
50%
destin
50%
peut
50%
planer,
50%
rev'nir
50%
délire
49%
dos,
49%
année,
48%
d'quoi
48%
l'aime
48%
repartir
48%
torse
48%
cuits
47%
début,
47%
semaines,
47%
dieux
46%
est-ce
46%
ont
46%
pourquoi
46%
avion
45%
l'aquaplaning
45%
Parce
45%
premières
45%
qu'c'est
45%
prendre
44%
m'rappelle
43%
problème,
43%
revois
43%
foiré
42%
serre-moi
33%
Regarde-nous
29%
Aucun quiz correspondant
Distribution des résultats
% des personnes avec chaque résultat
Percentile par nombre de réponses
Votre historique - résultats
Vous n’avez pas pris ce quiz